00609nam a2200157Ia 4500008004000000082001700040100003900057245006600096260005500162300001300217650002900230690002200259906001100281999001700292952014200309210210b1976 xxu||||| |||| 00| 0 eng d a320.513 MEHM aMEHTA (Narider) and CHHABRA (S P). aModern Indian political though: A study in ideas & movements. aJalandharbNew Academic Publishing Company.,c1976 aviii,140 aIndian Political Thought aPolitical Thought a040476 c90725d90725 001040708Political ScienceaALbALcPolitical Scienced2021-02-17g20.00l0o320.513 MEHMp040476r2021-02-17 00:00:00w2021-02-17yBK